Los superfósforos /
Villa Tranquila era un pueblo tranquilo de gente tranquila. Allí, los mellizos Del Pino vivían felices: Efe -experta en artes marciales-, dedicada a su exigente rutina de ejercicios. Eme -amante de las artes y las ciencias-, investigando teoremas y ejecutando complejas sinfonías. Todo era paz y armo...
Guardado en:
| Autor Principal: | |
|---|---|
| Otros Autores: | |
| Formato: | Libro |
| Publicado: |
Buenos Aires :
Norma,
2013.
|
| Edición: | Edición especial para el Ministerio de Educación de la Nación. |
| Series: | Torre de Papel. Azul +9 años
|
| Materias: | |
| Etiquetas: |
Agregar Etiqueta
Sin Etiquetas, Sea el primero en etiquetar este registro!
|
| LEADER | 01279nam a22002415a 4500 | ||
|---|---|---|---|
| 001 | CEM.cems019942 | ||
| 008 | 230328s2013####ag############000#0#####d | ||
| 005 | 20230328174632.0 | ||
| 245 | 1 | 0 | |a Los superfósforos / |c Antonio Santa Ana; ilustrado por Dani The O. |
| 250 | |a Edición especial para el Ministerio de Educación de la Nación. | ||
| 260 | |a Buenos Aires : |b Norma, |c 2013. | ||
| 300 | |a 108 p. | ||
| 490 | 0 | |a Torre de Papel. Azul +9 años | |
| 520 | |a Villa Tranquila era un pueblo tranquilo de gente tranquila. Allí, los mellizos Del Pino vivían felices: Efe -experta en artes marciales-, dedicada a su exigente rutina de ejercicios. Eme -amante de las artes y las ciencias-, investigando teoremas y ejecutando complejas sinfonías. Todo era paz y armonía hasta el día que José B. Llano llegó a con su maléfico plan para destruir a la humanidad. Los mellizos pusieron todo su talento al servicio del Bien y así nacieron los geniales ¡Superfósforos! | ||
| 020 | |a 9789875456273 | ||
| 100 | 1 | |a Santa Ana, Antonio. | |
| 700 | 1 | |a Dani The O; il. | |
| 653 | |a Literatura | ||
| 653 | |a Literatura Argentina | ||
| 653 | |a Novelas | ||
| 653 | |a Novelas infantiles | ||
| 653 | |a Literatura Infantil | ||
| 859 | |a CEMS |b BIB. CEMS - Inicial y Primaria |h A863.4 |i Sa81 |k IP |p 4228 |t Ej.1 | ||
